Best Rappers of 2019 - Statistics

General Stats
  • This quiz has been taken 36 times
  • The average score is 5 of 34
Answer Stats
Rapper % Correct
Drake
75%
Travis Scott
50%
Cardi B
47%
J. Cole
41%
Lil Uzi Vert
41%
Migos
31%
Offset
28%
Polo G
25%
Quavo
25%
NLE Choppa
19%
Post Malone
16%
Tyga
16%
Tyler, The Creator
16%
Chris Brown
13%
Lil Tecca
13%
Gucci Mane
9%
NAV
9%
Swae Lee
9%
Lil Nas X
6%
Logic
6%
NF
6%
YG
6%
A Boogie Wit da Hoodie
3%
City Girls
3%
Lizzo
3%
Meek Mill
3%
Megan Thee Stalion
3%
Mustard
3%
Saweetie
3%
bbno$
0%
DaZBaby
0%
Jon Z
0%
Nicki Manaj
0%
Y2K
0%
No matching quizzes found
Score Distribution
Percent of People with Each Score
Percentile by Number Answered
Your Score History
You have not taken this quiz